Costa Rica del 900:crónicas y curiosidades de la prensa diaria (Registro nro. 10145)
[ vista simple ]
| 000 -CABECERA | |
|---|---|
| campo de control de longitud fija | 00500nam a22001937a 4500 |
| 005 - FECHA Y HORA DE ACTUALIZACIÓN | |
| campo de control | 20171213122324.0 |
| 008 - LONGITUD FIJA | |
| campo de control de longitud fija | 171213b xxu||||| |||| 00| 0 spa d |
| 041 ## - IDIOMA | |
| Código de idioma del texto/pista de sonido o título separado | |
| 082 ## - CLASIFICACIÓN DECIMAL DEWEY | |
| Número de clasificación | 972.86 A283c |
| 100 ## - AUTOR PERSONAL | |
| Nombre de persona | Aguilar Bulgarelli, Oscar |
| 245 ## - TÍTULO PROPIAMENTE DICHO | |
| Título | Costa Rica del 900:crónicas y curiosidades de la prensa diaria |
| 260 ## - PIE DE IMPRENTA | |
| Lugar de publicación, distribución, etc. | Costa Rica |
| 260 ## - PIE DE IMPRENTA | |
| Nombre del editor, distribuidor, etc. | Progreso |
| 260 ## - PIE DE IMPRENTA | |
| Fecha de publicación, distribución, etc. | 1996 |
| 300 ## - DESCRIPCIÓN FÍSICA | |
| Extensión | 238 páginas |
| 650 ## - Materia General | |
| Materia general | COSTA RICA |
| 650 ## - Materia General | |
| Materia general | HISTORIA |
| 942 ## - Punto de Acceso Adicional Koha | |
| Tipo de ítem Koha | Libro |
| Estado perdido | Estado dañado | No para préstamo | Biblioteca permanente | Biblioteca actual | Signatura completa | Código de barras | Precio efectivo a partir del | Tipo de ítem |
|---|---|---|---|---|---|---|---|---|
| Departamento de Biblioteca y Documentación Alfonso Chase Brenes | Departamento de Biblioteca y Documentación Alfonso Chase Brenes | 972.86 A283c | 13531 | 13/12/2017 | Libro | |||
| Departamento de Biblioteca y Documentación Alfonso Chase Brenes | Departamento de Biblioteca y Documentación Alfonso Chase Brenes | 972.86 A283c | 4183 | 13/12/2017 | Libro |